[Event "Titled Tuesday intern op 26th Sep Late"]
[Site "Chess.com INT"]
[Date "2023.09.26"]
[Round "8"]
[White "Peatman, Carter F"]
[Black "Krzyzanowski, Marcin"]
[Result "0-1"]
[WhiteElo "2015"]
[BlackElo "2512"]
[PlyCount "64"]
[EventDate "2023.09.26"]
[EventType "swiss (blitz)"]
[EventRounds "11"]
[EventCountry "USA"]
[SourceTitle "EXT 2024"]
[Source "ChessBase"]
[SourceDate "2023.10.10"]
[SourceVersion "1"]
[SourceVersionDate "2023.10.10"]
[SourceQuality "1"]

1. d4 Nf6 2. Bf4 c5 3. e3 cxd4 4. exd4 d5 5. c3 Nc6 6. Bd3 Bg4 7. Qb3 Qd7 8. Nd2 e6 9. Ngf3 Bd6 10. Bxd6 Qxd6 11. Qxb7 0-0 12. Qa6 Rab8 13. b4 Rb6 14. Qa4 e5 15. dxe5 Nxe5 16. Be2 Nxf3+ 17. gxf3 Bd7 18. Qc2 Re8 19. Nb3 Nh5 20. 0-0-0 Nf4 21. Rhe1 Ba4 22. Bd3 Rxe1 23. Rxe1 g6 24. Qd2 Bxb3 25. axb3 d4 26. c4 Rxb4 27. Kb2 a5 28. Re4 Ne6 29. Bc2 Kg7 30. f4 a4 31. f5 axb3 32. Bxb3 Rxb3+ 0-1

[Event "Titled Tuesday intern op 26th Sep Late"]
[Site "Chess.com INT"]
[Date "2023.09.26"]
[Round "7"]
[White "Willy, Stephen"]
[Black "Peatman, Carter F"]
[Result "0-1"]
[WhiteElo "1994"]
[BlackElo "2015"]
[PlyCount "70"]
[EventDate "2023.09.26"]
[EventType "swiss (blitz)"]
[EventRounds "11"]
[EventCountry "USA"]
[SourceTitle "EXT 2024"]
[Source "ChessBase"]
[SourceDate "2023.10.10"]
[SourceVersion "1"]
[SourceVersionDate "2023.10.10"]
[SourceQuality "1"]

1. f3 d5 2. Kf2 e5 3. e3 f5 4. d4 Bd6 5. dxe5 Bxe5 6. f4 Bf6 7. Nc3 Ne7 8. Nf3 c6 9. h4 0-0 10. h5 h6 11. Bd2 Be6 12. Nd4 Bf7 13. Bd3 Qd7 14. Qf3 c5 15. Bb5 Qc7 16. Nb3 c4 17. Nd4 a6 18. g4 Bxd4 19. exd4 axb5 20. g5 b4 21. gxh6 gxh6 22. Rag1+ Kh7 23. Nb5 Qc6 24. Qe3 Ng8 25. Bxb4 Re8 26. Qg3 Qf6 27. Bd6 Nc6 28. Be5 Nxe5 29. fxe5 Qg5 30. Qf3 Qd2+ 31. Kf1 Rxa2 32. Qxf5+ Kh8 33. Rxg8+ Rxg8 34. Qf6+ Rg7 35. Qxh6+ Qxh6 0-1

[Event "Titled Tuesday intern op 15th Aug Late"]
[Site "Chess.com INT"]
[Date "2023.08.15"]
[Round "3"]
[White "Joubert, Dantelle"]
[Black "Peatman, Carter F"]
[Result "1-0"]
[WhiteElo "1566"]
[BlackElo "2015"]
[PlyCount "67"]
[EventDate "2023.08.15"]
[EventType "swiss (blitz)"]
[EventRounds "11"]
[EventCountry "USA"]
[SourceTitle "EXT 2024"]
[Source "ChessBase"]
[SourceDate "2023.10.10"]
[SourceVersion "1"]
[SourceVersionDate "2023.10.10"]
[SourceQuality "1"]

1. e4 e5 2. Nf3 Nf6 3. Nc3 Bb4 4. Nd5 Nxd5 5. exd5 0-0 6. Bc4 c6 7. 0-0 d6 8. c3 Ba5 9. d4 Bg4 10. h3 Bxf3 11. Qxf3 Bc7 12. Be3 Kh8 13. Rad1 Qe7 14. dxe5 dxe5 15. b4 Bd6 16. dxc6 Nxc6 17. Rd2 e4 18. Qh5 Rad8 19. Rfd1 f5 20. Bg5 Qe5 21. Bxd8 Rxd8 22. g3 e3 23. Rxd6 Rxd6 24. Rxd6 g6 25. Qd1 exf2+ 26. Kxf2 f4 27. Rd3 Qf5 28. Kg2 Ne5 29. Rd8+ Kg7 30. Be2 Qf6 31. Qd5 f3+ 32. Bxf3 Nxf3 33. Rd7+ Kh6 34. Qxf3 1-0

[Event "Titled Tuesday intern op 08th Aug Late"]
[Site "Chess.com INT"]
[Date "2023.08.08"]
[Round "2"]
[White "Mickiewicz, Piotr"]
[Black "Peatman, Carter F"]
[Result "1-0"]
[WhiteElo "2243"]
[BlackElo "2015"]
[PlyCount "171"]
[EventDate "2023.08.08"]
[EventType "swiss (blitz)"]
[EventRounds "11"]
[EventCountry "USA"]
[SourceTitle "EXT 2024"]
[Source "ChessBase"]
[SourceDate "2023.10.10"]
[SourceVersion "1"]
[SourceVersionDate "2023.10.10"]
[SourceQuality "1"]

1. Nf3 d5 2. g3 Nf6 3. Bg2 Bf5 4. 0-0 e6 5. d3 h6 6. Nbd2 Bh7 7. b3 Be7 8. Bb2 0-0 9. Ne5 Nbd7 10. e4 Nxe5 11. Bxe5 Nd7 12. Bb2 Bf6 13. Qc1 c6 14. Re1 Bxb2 15. Qxb2 Qa5 16. Re2 Rfe8 17. Rae1 Nf6 18. Nf3 Rad8 19. Ne5 dxe4 20. Nc4 Qc7 21. dxe4 e5 22. f3 Kh8 23. Bh3 Qe7 24. Kg2 Bg6 25. Ne3 Nd7 26. a4 Nc5 27. Qc3 b6 28. a5 Qc7 29. axb6 axb6 30. Nc4 f6 31. Ra1 Bf7 32. Qb4 Bxc4 33. Qxc4 Rd4 34. Qc3 Red8 35. b4 Nd7 36. Ra6 Qd6 37. Bxd7 Rxd7 38. Rxb6 Rc7 39. b5 Qb4 40. Qxb4 Rxb4 41. Rxc6 Rxc6 42. bxc6 Rc4 43. Kf2 Rxc6 44. Rd2 Kh7 45. Ke2 Rc3 46. h4 Kg6 47. Kf2 h5 48. Kg2 Kh6 49. Rf2 Kg6 50. Kf1 Re3 51. Kg2 Rc3 52. Rd2 Kf7 53. Kf2 Ke6 54. Re2 g5 55. hxg5 fxg5 56. Kg2 Kf6 57. Rd2 Ke6 58. Rf2 Kf6 59. Re2 Ke6 60. Rd2 Kf6 61. Rd6+ Kf7 62. Rh6 Rxc2+ 63. Kg1 Rc3 64. Kf2 Rc2+ 65. Kf1 Rc1+ 66. Ke2 Rc2+ 67. Kd3 Rg2 68. Rxh5 Rxg3 69. Ke2 Kg6 70. Rh8 g4 71. Rg8+ Kh5 72. fxg4+ Rxg4 73. Rh8+ Kg5 74. Kf3 Rf4+ 75. Ke3 Kf6 76. Rh6+ Ke7 77. Rh5 Ke6 78. Rh8 Rg4 79. Ra8 Rg3+ 80. Kf2 Rb3 81. Ra6+ Kf7 82. Ke2 Rg3 83. Kd2 Rh3 84. Rd6 Ke7 85. Rd3 Ke6 86. Rxh3 1-0

[Event "Titled Tuesday intern op 01st Aug Late"]
[Site "Chess.com INT"]
[Date "2023.08.01"]
[Round "3"]
[White "Winkels, Marcel"]
[Black "Peatman, Carter F"]
[Result "0-1"]
[WhiteElo "1920"]
[BlackElo "2015"]
[PlyCount "66"]
[EventDate "2023.08.01"]
[EventType "swiss (blitz)"]
[EventRounds "11"]
[EventCountry "USA"]
[SourceTitle "EXT 2024"]
[Source "ChessBase"]
[SourceDate "2023.10.10"]
[SourceVersion "1"]
[SourceVersionDate "2023.10.10"]
[SourceQuality "1"]

1. e4 e5 2. Nf3 Nf6 3. d4 Nxe4 4. Bd3 Nc6 5. dxe5 d5 6. c4 Bb4+ 7. Nbd2 Be6 8. cxd5 Bxd5 9. Qe2 Nxd2 10. Bxd2 Bxd2+ 11. Qxd2 Bxf3 12. gxf3 Nxe5 13. Bb5+ c6 14. Qe3 Qa5+ 15. Kf1 Qxb5+ 16. Kg2 0-0 17. Rhg1 Rfe8 18. Kh1 Qd5 19. Rg3 Ng6 20. Qc3 Re6 21. Rag1 Rae8 22. h3 a5 23. Kh2 a4 24. b3 axb3 25. axb3 b5 26. b4 Re2 27. R1g2 Qe6 28. h4 Qd5 29. Rg5 R2e5 30. Qc1 Rxg5 31. Rxg5 Qxf3 32. h5 Qxf2+ 33. Kh1 Re1+ 0-1

[Event "Titled Tuesday intern op 18th Jul Early"]
[Site "Chess.com INT"]
[Date "2023.07.18"]
[Round "1"]
[White "Aldokhin, Ivan"]
[Black "Peatman, Carter F"]
[Result "1/2-1/2"]
[WhiteElo "2413"]
[BlackElo "1990"]
[PlyCount "150"]
[EventDate "2023.07.18"]
[EventType "swiss (blitz)"]
[EventRounds "11"]
[EventCountry "USA"]
[SourceTitle "EXT 2024"]
[Source "ChessBase"]
[SourceDate "2023.10.10"]
[SourceVersion "1"]
[SourceVersionDate "2023.10.10"]
[SourceQuality "1"]

1. e4 e5 2. Nf3 Nf6 3. d4 Nxe4 4. Bd3 Nc6 5. dxe5 Nc5 6. Bb5 a6 7. Bxc6 dxc6 8. Qxd8+ Kxd8 9. Nc3 Be6 10. Be3 Be7 11. Ng5 Bxg5 12. Bxg5+ Kc8 13. Be3 Nd7 14. f4 b6 15. 0-0-0 Kb7 16. Ne4 h6 17. Rhf1 g6 18. Ng3 h5 19. h4 Bg4 20. Rd2 Rad8 21. Ne4 Bf5 22. Ng5 Be6 23. b3 c5 24. Rfd1 Kc8 25. c4 Nb8 26. Kc2 Nc6 27. Kc3 Ne7 28. Bf2 Nf5 29. a3 Ne7 30. b4 cxb4+ 31. axb4 Rxd2 32. Rxd2 Rd8 33. Rxd8+ Kxd8 34. Kd4 Kc8 35. Kc3 Kb7 36. Ne4 Nc6 37. Ng5 a5 38. b5 Ne7 39. Nh7 c6 40. bxc6+ Nxc6 41. Ng5 Ka6 42. Ne4 a4 43. Nd6 Na5 44. Kb4 a3 45. Kxa3 Nxc4+ 46. Kb4 Nxd6 47. exd6 Kb7 48. Kb5 Bd7+ 49. Kb4 Kc6 50. Bd4 Be6 51. Be5 Bd5 52. g3 Be6 53. Kc3 Kd5 54. Kb4 Bd7 55. Kc3 b5 56. Kd3 Bf5+ 57. Kc3 Bd7 58. Kb4 Ke4 59. Kc5 Kf5 60. Kb6 Ke6 61. Kc7 b4 62. Kb6 b3 63. Kc5 Kf5 64. Kb6 Ke6 65. Kc7 Ba4 66. Bb2 Bb5 67. Be5 Bd7 68. Bd4 Be8 69. Bc3 Ba4 70. Bb2 Bb5 71. Ba3 Ba4 72. Kd8 Bd7 73. Kc7 Ba4 74. Kb6 Bd7 75. Kc7 Ba4 1/2-1/2

[Event "Titled Tuesday intern op 18th Jul Late"]
[Site "Chess.com INT"]
[Date "2023.07.18"]
[Round "3"]
[White "Gruzman, Ilya"]
[Black "Peatman, Carter F"]
[Result "0-1"]
[WhiteElo "2151"]
[BlackElo "1990"]
[PlyCount "62"]
[EventDate "2023.07.18"]
[EventType "swiss (blitz)"]
[EventRounds "11"]
[EventCountry "USA"]
[SourceTitle "EXT 2024"]
[Source "ChessBase"]
[SourceDate "2023.10.10"]
[SourceVersion "1"]
[SourceVersionDate "2023.10.10"]
[SourceQuality "1"]

1. e4 e5 2. Nf3 Nf6 3. Nc3 Bb4 4. Bc4 Bxc3 5. dxc3 0-0 6. Bg5 d6 7. 0-0 Be6 8. Bb3 a5 9. Bxe6 fxe6 10. Nd2 Nbd7 11. f4 exf4 12. Bxf4 Qe8 13. Qe2 Qg6 14. Rf3 Qh5 15. Qd3 e5 16. Rh3 Qg6 17. Rg3 Qh5 18. Rh3 Qg4 19. Be3 Nh5 20. Nf3 Ndf6 21. Ng5 Qd7 22. Rf1 h6 23. Nf3 Kh7 24. Nxe5 Qe6 25. Nc4 Kg8 26. Bd4 Rae8 27. Re3 Ng4 28. Rg3 Rxf1+ 29. Kxf1 Rf8+ 30. Kg1 Nhf6 31. h3 Ne5 0-1

[Event "Titled Tuesday intern op 11th Jul Early"]
[Site "Chess.com INT"]
[Date "2023.07.11"]
[Round "1"]
[White "Skliarov, Viktor"]
[Black "Peatman, Carter F"]
[Result "1-0"]
[WhiteElo "2383"]
[BlackElo "1990"]
[PlyCount "69"]
[EventDate "2023.07.11"]
[EventType "swiss (blitz)"]
[EventRounds "11"]
[EventCountry "USA"]
[SourceTitle "EXT 2024"]
[Source "ChessBase"]
[SourceDate "2023.10.10"]
[SourceVersion "1"]
[SourceVersionDate "2023.10.10"]
[SourceQuality "1"]

1. e4 e5 2. Nc3 Nc6 3. Bc4 Nf6 4. d3 Bb4 5. Bg5 h6 6. Bxf6 Qxf6 7. Nge2 d6 8. 0-0 Bxc3 9. Nxc3 Be6 10. Nd5 Bxd5 11. exd5 Ne7 12. Bb5+ c6 13. dxc6 bxc6 14. Ba4 0-0 15. Qd2 Rab8 16. Bb3 d5 17. c3 Ng6 18. g3 Qd6 19. f4 exf4 20. gxf4 Rfe8 21. d4 Re4 22. f5 Rg4+ 23. Kh1 Nh4 24. Rae1 Rg2 25. Qf4 Qd8 26. f6 g5 27. Qe5 Qd7 28. Re3 Rc8 29. Bd1 c5 30. Bh5 cxd4 31. Qxd4 Re8 32. Rxe8+ Qxe8 33. Qxd5 Qb8 34. Qxf7+ Kh8 35. Qg7# 1-0

[Event "Charlotte Carolinas op"]
[Site "Charlotte"]
[Date "2023.06.10"]
[Round "2"]
[White "Kraai, Jesse"]
[Black "Peatman, Carter F"]
[Result "1-0"]
[WhiteElo "2387"]
[BlackElo "2006"]
[PlyCount "77"]
[EventDate "2023.06.09"]
[EventType "swiss"]
[EventRounds "5"]
[EventCountry "USA"]
[SourceTitle "CBM 214 Extra"]
[Source "ChessBase"]
[SourceDate "2023.07.31"]
[SourceVersion "1"]
[SourceVersionDate "2023.07.31"]
[SourceQuality "1"]

1. d4 d5 2. Nf3 Nf6 3. Bf4 e6 4. e3 Bd6 5. Bxd6 Qxd6 6. c4 Nbd7 7. Nc3 c6 8. cxd5 exd5 9. Bd3 0-0 10. 0-0 Re8 11. Qc2 Nf8 12. a3 Qe7 13. b4 a6 14. Ne5 Ng4 15. Nxg4 Bxg4 16. Ne2 Bxe2 17. Qxe2 Nd7 18. a4 Nf6 19. b5 axb5 20. axb5 c5 21. dxc5 Qxc5 22. Qb2 Rxa1 23. Rxa1 Ne4 24. Rc1 Qb6 25. g3 g6 26. Bf1 Nd6 27. Rd1 Qc5 28. Qd2 Re5 29. Rc1 Nc4 30. Qc3 f6 31. Qb3 Kg7 32. Bxc4 dxc4 33. Rxc4 Qxb5 34. Rc7+ Kh6 35. Qf7 Qb1+ 36. Kg2 Qe4+ 37. f3 Qxe3 38. Qxh7+ Kg5 39. Qh4+ 1-0

[Event "Titled Tuesday intern op 23rd May Late"]
[Site "Chess.com INT"]
[Date "2023.05.23"]
[Round "1"]
[White "Wafa, Hamed"]
[Black "Peatman, Carter F"]
[Result "1-0"]
[WhiteElo "2065"]
[BlackElo "1998"]
[PlyCount "39"]
[EventDate "2023.05.23"]
[EventType "swiss (blitz)"]
[EventRounds "11"]
[EventCountry "USA"]
[SourceTitle "EXT 2024"]
[Source "ChessBase"]
[SourceDate "2023.10.10"]
[SourceVersion "1"]
[SourceVersionDate "2023.10.10"]
[SourceQuality "1"]

1. e4 e5 2. Nf3 Nf6 3. Nxe5 d6 4. Nf3 Nxe4 5. Nc3 Nxc3 6. dxc3 Be7 7. Bd3 h6 8. Be3 Nc6 9. Qe2 a6 10. 0-0-0 Be6 11. Kb1 Qd7 12. h3 0-0-0 13. Rhe1 Rhe8 14. Nd4 Nxd4 15. cxd4 d5 16. Bxa6 bxa6 17. Qxa6+ Kb8 18. Rd3 Bb4 19. Rb3 c5 20. Bf4+ 1-0

[Event "Titled Tuesday intern op 16th May Late"]
[Site "Chess.com INT"]
[Date "2023.05.16"]
[Round "2"]
[White "Peatman, Carter F"]
[Black "Hajiyev, Kanan"]
[Result "1-0"]
[WhiteElo "1998"]
[BlackElo "2197"]
[PlyCount "161"]
[EventDate "2023.05.16"]
[EventType "swiss (blitz)"]
[EventRounds "11"]
[EventCountry "USA"]
[SourceTitle "CBM 214 Extra"]
[Source "ChessBase"]
[SourceDate "2023.07.31"]
[SourceVersion "1"]
[SourceVersionDate "2023.07.31"]
[SourceQuality "1"]

1. d4 Nf6 2. Bf4 c5 3. e3 cxd4 4. exd4 d5 5. Bd3 Nc6 6. c3 Bg4 7. Qb3 Qd7 8. Nd2 e6 9. Ngf3 Bd6 10. Bxd6 Qxd6 11. Qxb7 0-0 12. Qa6 Rfb8 13. Rb1 Rb6 14. Qa4 e5 15. dxe5 Nxe5 16. Be2 Bf5 17. Rd1 Rxb2 18. 0-0 Bc2 19. Qd4 Nxf3+ 20. Bxf3 Bxd1 21. Nc4 Qb8 22. Rxd1 dxc4 23. Bxa8 h5 24. Bf3 Rxa2 25. Qxc4 Rb2 26. h3 Qb6 27. Qc8+ Kh7 28. Qf5+ g6 29. Qg5 Qxf2+ 30. Kh1 Qb6 31. Qe5 a5 32. Qe7 Kg7 33. Rd6 Rb1+ 34. Kh2 Qg1+ 35. Kg3 Qe1+ 36. Qxe1 Rxe1 37. Ra6 Re5 38. c4 Rc5 39. Kf2 Nd7 40. Ke3 Rxc4 41. Rxa5 Rc5 42. Ra7 Nf6 43. Kf2 Rc2+ 44. Kg3 Rc3 45. Kh2 g5 46. Ra5 Kg6 47. Be2 Rc2 48. Bd3+ Kg7 49. Bxc2 Nd7 50. Bf5 Nb6 51. Be4 Nc4 52. Rxg5+ Kf6 53. Rxh5 Nd2 54. Rf5+ Kg6 55. Bd3 Kg7 56. Rf2 Nb3 57. Rf3 Nd4 58. Rg3+ Kf6 59. Bf1 Ke5 60. Bd3 f5 61. Bxf5 Nxf5 62. Rg5 Kf4 63. Rxf5+ Kxf5 64. h4 Kg6 65. g3 Kh5 66. Kh3 Kg6 67. g4 Kh6 68. g5+ Kg6 69. Kg3 Kh5 70. Kh3 Kg6 71. Kg4 Kh7 72. h5 Kg7 73. Kf5 Kh7 74. Kf6 Kg8 75. g6 Kh8 76. h6 Kg8 77. g7 Kh7 78. Kf7 Kxh6 79. g8Q Kh5 80. Qg3 Kh6 81. Qh4# 1-0

[Event "Titled Tuesday intern op 18th Apr Late"]
[Site "Chess.com INT"]
[Date "2023.04.18"]
[Round "1"]
[White "Peatman, Carter F"]
[Black "Prohaszka, Peter"]
[Result "0-1"]
[WhiteElo "1998"]
[BlackElo "2584"]
[PlyCount "76"]
[EventDate "2023.04.18"]
[EventType "swiss (blitz)"]
[EventRounds "11"]
[EventCountry "USA"]
[SourceTitle "EXT 2024"]
[Source "ChessBase"]
[SourceDate "2023.10.10"]
[SourceVersion "1"]
[SourceVersionDate "2023.10.10"]
[SourceQuality "1"]

1. d4 d5 2. Bf4 c5 3. e3 cxd4 4. exd4 Nc6 5. c3 Nf6 6. Bd3 Bg4 7. Qb3 Qd7 8. Nd2 e6 9. Ngf3 Bd6 10. Bxd6 Qxd6 11. Qxb7 Rb8 12. Qa6 0-0 13. Rb1 Rb6 14. Qa4 Rfb8 15. Qc2 e5 16. dxe5 Nxe5 17. 0-0 Nxf3+ 18. Nxf3 Bxf3 19. gxf3 Qf4 20. Rfe1 Qxf3 21. Re3 Qf4 22. Rg3 Ng4 23. Bxh7+ Kh8 24. Bf5 Ne5 25. Kg2 Rf6 26. Rh3+ Kg8 27. Bh7+ Kf8 28. Qe2 g6 29. Re1 Re8 30. Kh1 Rf5 31. Kg2 Kg7 32. Rg3 Kxh7 33. Rh3+ Kg7 34. Rg3 Rg5 35. Qf1 Re6 36. Qe2 Rxg3+ 37. hxg3 Qf6 38. Qd2 Nc6 0-1

[Event "Titled Tuesday intern op 04th Apr Late"]
[Site "Chess.com INT"]
[Date "2023.04.04"]
[Round "4"]
[White "Jimenez Almeida, Luis David"]
[Black "Peatman, Carter F"]
[Result "1-0"]
[WhiteElo "2241"]
[BlackElo "1998"]
[PlyCount "59"]
[EventDate "2023.04.04"]
[EventType "swiss (blitz)"]
[EventRounds "11"]
[EventCountry "USA"]
[SourceTitle "EXT 2024"]
[Source "ChessBase"]
[SourceDate "2023.10.10"]
[SourceVersion "1"]
[SourceVersionDate "2023.10.10"]
[SourceQuality "1"]

1. e4 e5 2. Nf3 Nf6 3. d4 Nxe4 4. Bd3 Nc6 5. dxe5 Nc5 6. 0-0 Nxd3 7. cxd3 d6 8. d4 dxe5 9. d5 Nb4 10. Nc3 Bd6 11. Re1 Bg4 12. a3 Bxf3 13. Qa4+ Qd7 14. axb4 Qxa4 15. Rxa4 Bg4 16. f4 f6 17. b5 Bd7 18. fxe5 fxe5 19. Bf4 0-0 20. Bxe5 Rae8 21. Rae4 Bc5+ 22. Kh1 Bf5 23. R4e2 Bg4 24. Re4 Bd6 25. Bxd6 Rxe4 26. Nxe4 cxd6 27. h3 Bh5 28. Nxd6 Rd8 29. Nf5 Rxd5 30. Ne7+ 1-0

[Event "Titled Tuesday intern op 04th Apr Late"]
[Site "Chess.com INT"]
[Date "2023.04.04"]
[Round "1"]
[White "Matinian, Nikita"]
[Black "Peatman, Carter F"]
[Result "1-0"]
[WhiteElo "2407"]
[BlackElo "1998"]
[PlyCount "81"]
[EventDate "2023.04.04"]
[EventType "swiss (blitz)"]
[EventRounds "11"]
[EventCountry "USA"]
[SourceTitle "EXT 2024"]
[Source "ChessBase"]
[SourceDate "2023.10.10"]
[SourceVersion "1"]
[SourceVersionDate "2023.10.10"]
[SourceQuality "1"]

1. e4 e5 2. Nf3 Nf6 3. d4 Nxe4 4. Bd3 Nc6 5. dxe5 Nc5 6. 0-0 d6 7. Bb5 Bd7 8. Re1 Ne6 9. exd6 Bxd6 10. Bg5 Be7 11. Bxe7 Qxe7 12. Nc3 Qc5 13. a4 Rd8 14. Ne4 Qh5 15. Nfg5 Qxd1 16. Raxd1 0-0 17. Nxe6 Bxe6 18. Bxc6 bxc6 19. Nc5 Bf5 20. c3 Rd5 21. Rxd5 cxd5 22. Re5 Be6 23. Nxe6 fxe6 24. Rxe6 Kf7 25. Ra6 Rb8 26. b4 Rb7 27. Kf1 Ke7 28. Ke2 Kd7 29. b5 g6 30. Kd3 Rb8 31. Rxa7 Kd6 32. Ra6+ Kd7 33. Kd4 Rf8 34. f3 Re8 35. Kxd5 Re2 36. Ra7 Kd8 37. c4 Rd2+ 38. Kc6 Rd6+ 39. Kc5 Rd2 40. a5 Rxg2 41. Kc6 1-0

[Event "Titled Tuesday intern op 04th Apr Late"]
[Site "Chess.com INT"]
[Date "2023.04.04"]
[Round "2"]
[White "Peatman, Carter F"]
[Black "Fonseca Manrique, Enrique"]
[Result "1-0"]
[WhiteElo "1998"]
[BlackElo "2169"]
[PlyCount "79"]
[EventDate "2023.04.04"]
[EventType "swiss (blitz)"]
[EventRounds "11"]
[EventCountry "USA"]
[SourceTitle "EXT 2024"]
[Source "ChessBase"]
[SourceDate "2023.10.10"]
[SourceVersion "1"]
[SourceVersionDate "2023.10.10"]
[SourceQuality "1"]

1. d4 Nf6 2. Bf4 g6 3. e3 Bg7 4. Nf3 0-0 5. h3 d6 6. Bh2 Nc6 7. Be2 e5 8. 0-0 exd4 9. exd4 Re8 10. c3 a5 11. a4 b6 12. Na3 Bb7 13. Nb5 Ne7 14. Nd2 Qd7 15. Bf3 Bxf3 16. Qxf3 Nf5 17. Rfe1 c6 18. Na3 d5 19. Qd3 Ne4 20. Nxe4 dxe4 21. Rxe4 Rxe4 22. Qxe4 Re8 23. Qd3 c5 24. d5 Be5 25. Nc4 Bxh2+ 26. Kxh2 Nd6 27. Nxd6 Qxd6+ 28. g3 Re5 29. Rd1 Kg7 30. Kg2 f5 31. b3 h5 32. c4 h4 33. Rd2 hxg3 34. fxg3 Re4 35. h4 Qe5 36. Qf3 f4 37. d6 fxg3 38. d7 Rd4 39. d8Q Rxd8 40. Rxd8 1-0

[Event "Titled Tuesday intern op 21st Mar Early"]
[Site "Chess.com INT"]
[Date "2023.03.21"]
[Round "1"]
[White "Samunenkov, Igor"]
[Black "Peatman, Carter F"]
[Result "1-0"]
[WhiteElo "2488"]
[BlackElo "2001"]
[PlyCount "73"]
[EventDate "2023.03.21"]
[EventType "swiss (blitz)"]
[EventRounds "11"]
[EventCountry "USA"]
[SourceTitle "EXT 2024"]
[Source "ChessBase"]
[SourceDate "2023.10.10"]
[SourceVersion "1"]
[SourceVersionDate "2023.10.10"]
[SourceQuality "1"]

1. e4 e5 2. Nf3 Nf6 3. Nxe5 d6 4. Nf3 Nxe4 5. Nc3 Nxc3 6. dxc3 Be7 7. Be3 Nc6 8. Qd2 Be6 9. 0-0-0 Qd7 10. Bb5 a6 11. Ba4 b5 12. Bb3 Na5 13. Bxe6 fxe6 14. b3 Bf6 15. Bd4 0-0 16. Rhe1 e5 17. Bxe5 Kh8 18. Qd5 Rab8 19. Bxf6 Rxf6 20. Re3 c6 21. Qd4 d5 22. Rde1 Rbf8 23. Qb6 Nc4 24. bxc4 bxc4 25. Qc5 Qc7 26. Re5 h6 27. h4 Qb7 28. Re8 Kg8 29. Rxf8+ Rxf8 30. Re7 Qb8 31. Qd4 Rf7 32. Rxf7 Kxf7 33. Ne5+ Kg8 34. Nxc6 Qd6 35. Qxd5+ Qxd5 36. Ne7+ Kf7 37. Nxd5 1-0

[Event "Titled Tuesday intern op 7th Mar Late"]
[Site "Chess.com INT"]
[Date "2023.03.07"]
[Round "1"]
[White "Peatman, Carter F"]
[Black "Golubka, Petr"]
[Result "1/2-1/2"]
[WhiteElo "2001"]
[BlackElo "2360"]
[PlyCount "74"]
[EventDate "2023.03.07"]
[EventType "swiss (blitz)"]
[EventRounds "11"]
[EventCountry "USA"]
[SourceTitle "EXT 2024"]
[Source "ChessBase"]
[SourceDate "2023.10.10"]
[SourceVersion "1"]
[SourceVersionDate "2023.10.10"]
[SourceQuality "1"]

1. d4 d5 2. Bf4 h6 3. Nf3 Nc6 4. e3 Bg4 5. h3 Bxf3 6. Qxf3 a6 7. a3 Nf6 8. c4 e6 9. Nc3 Qd7 10. c5 Be7 11. Bd3 0-0 12. 0-0 Nd8 13. b4 Nc6 14. Rfb1 Rfc8 15. a4 a5 16. b5 Nb4 17. Qe2 b6 18. c6 Qd8 19. Na2 Nxd3 20. Qxd3 Bd6 21. Nc3 Bxf4 22. exf4 Qd6 23. g3 h5 24. h4 Rd8 25. Kg2 g6 26. Ne2 Ng4 27. Ng1 Kg7 28. Nf3 Re8 29. Ne5 Nxe5 30. fxe5 Qe7 31. f4 Rh8 32. Qa3 Qxa3 33. Rxa3 Rae8 34. Re3 Rh6 35. Rbe1 Reh8 36. Kf2 Kf8 37. Kf3 Ke7 1/2-1/2